Loading...
Philosophy | 0 | 6 | 0 | 2 | 60 | 104 | 127.83 | 0 | 1 |
History - World History | 0 | 4 | 0 | 0 | 40 | 80 | 113.50 | 0 | 3 |
Fine Arts - Other Fine Arts | 0 | 4 | 0 | 0 | 40 | 83 | 105.25 | 0 | 0 |
Literature - European Literature | 0 | 3 | 0 | 1 | 30 | 142 | 153.33 | 0 | 0 |
Literature - World Literature | 0 | 3 | 0 | 1 | 30 | 144 | 151.00 | 0 | 0 |
History - American History | 0 | 3 | 1 | 1 | 25 | 77 | 107.00 | 0 | 0 |
Literature - British Literature | 0 | 2 | 0 | 1 | 20 | 95 | 126.50 | 0 | 0 |
History - Other History | 0 | 3 | 2 | 1 | 20 | 88 | 129.67 | 0 | 1 |
Geography | 0 | 2 | 0 | 1 | 20 | 116 | 121.00 | 0 | 0 |
Literature - American Literature | 0 | 2 | 0 | 2 | 20 | 145 | 153.00 | 0 | 0 |
Social Science | 0 | 2 | 2 | 0 | 10 | 69 | 99.00 | 0 | 0 |
Other Academic | 0 | 1 | 0 | 1 | 10 | 141 | 141.00 | 0 | 0 |
Science - Physics | 0 | 1 | 0 | 1 | 10 | 149 | 149.00 | 0 | 0 |
Current Events | 0 | 1 | 0 | 0 | 10 | 83 | 83.00 | 0 | 1 |
History - European History | 0 | 2 | 3 | 1 | 5 | 88 | 123.00 | 0 | 1 |
Religion | 0 | 1 | 2 | 0 | 0 | 119 | 119.00 | 0 | 0 |
Science - Other Science | 0 | 0 | 0 | 0 | 0 | 0.00 | 0 | 0 | |
Fine Arts - Painting & Sculpture | 0 | 0 | 1 | 0 | -5 | 0.00 | 0 | 0 |